000 00749nam a22002057a 4500
003 BD-DhUL
005 20160822182319.0
008 160822s1977 bg ||||| |||| 00| 0 ben
040 _aBD-DhUL
_cBD-DhUL
082 _a343
_bSHD
100 1 _aরহমান, গাজী শাসছুর
245 1 0 _aদন্ডবিধির ভাষ্য /
_cগাজী শাসছুর রহমান
250 _a১ম সং.
260 _aঢাকা :
_bপেপার প্রসেসিং এন্ড প‌্যাকেজিং,
_c১৯৭৭
300 _a৮৮০ পৃ. ;
_c২৩ সেমি.
365 _aBDT
_b80.00
650 0 _aদন্ডবিধি আইন
650 0 _aPenal Code Act
942 _2ddc
_cBK
999 _c100634
_d100634